LEADER 01333nam 2200385Ia 450 001 996397367103316 005 20200818211127.0 035 $a(CKB)4940000000055430 035 $a(EEBO)2240895352 035 $a(OCoLC)ocm11630652e 035 $a(OCoLC)11630652 035 $a(EXLCZ)994940000000055430 100 $a19850129d1688 uy | 101 0 $aeng 135 $aurbn||||a|bb| 200 13$aAn apology for the Church of England, with relation to the spirit of persecution for which she is accused$b[electronic resource] 210 $a[Amsterdam? $cs.n.$d1688?] 215 $a8 p. ;$d20 cm 300 $aCaption title. 300 $aAttributed to Gilbert Burnet, Bishop of Salisbury. Cf. Halkett & Laing (2nd ed.). 300 $aReproduction of original in Huntington Library. 330 $aeebo-0113 606 $aFreedom of religion$zEngland 606 $aChurch and state$xChurch of England 615 0$aFreedom of religion 615 0$aChurch and state$xChurch of England. 700 $aBurnet$b Gilbert$f1643-1715.$0193326 801 0$bEAA 801 1$bEAA 801 2$bm/c 801 2$bWaOLN 906 $aBOOK 912 $a996397367103316 996 $aAn apology. for the Church of England, with relation to the spirit of persecution; for which she is accused$92318318 997 $aUNISA